[Event "COL-chT (Women)"]
[Site "Risaralda"]
[Date "2023.11.19"]
[Round "1.4"]
[White "Martinez Salgado, Gabriela"]
[Black "Durango Gomez, Daniela Andrea"]
[Result "1-0"]
[WhiteElo "1314"]
[BlackElo "1454"]
[PlyCount "73"]
[EventDate "2023.11.19"]
[EventType "team-swiss"]
[EventRounds "7"]
[EventCountry "COL"]
[SourceTitle "CB49_2023"]
[SourceDate "2023.12.06"]
[SourceVersion "1"]
[SourceVersionDate "2023.12.06"]
[SourceQuality "1"]
[WhiteTeam "Caldas (W)"]
[BlackTeam "Cordoba (W)"]
[WhiteTeamCountry "COL"]
[BlackTeamCountry "COL"]

1. c4 e5 2. Nc3 Nf6 3. Nf3 Nc6 4. e3 d5 5. cxd5 Nxd5 6. Be2 Nxc3 7. bxc3 Be7 8. h3 Bd7 9. 0-0 0-0 10. Qc2 f5 11. Qb3+ Kh8 12. Qxb7 e4 13. Nd4 Nxd4 14. cxd4 Be6 15. Qc6 Bd5 16. Qc2 f4 17. exf4 Rxf4 18. d3 Rh4 19. Bg4 Bg5 20. dxe4 Bxc1 21. Raxc1 Bf7 22. Qxc7 Bxa2 23. Qxd8+ Rxd8 24. d5 Rh6 25. Rc7 Ra6 26. Ra1 h6 27. Be2 Ra5 28. Bc4 Bxc4 29. Rxa5 Bd3 30. e5 Rb8 31. d6 Rd8 32. d7 Bf5 33. Rd5 Be6 34. Rd6 a5 35. Rc8 Bxd7 36. Rxd8+ Kh7 37. R6xd7 1-0

[Event "COL-chT (Women)"]
[Site "Risaralda"]
[Date "2023.11.19"]
[Round "2.4"]
[White "Mogollon Tobar, Nicolle Juliet"]
[Black "Martinez Salgado, Gabriela"]
[Result "1-0"]
[WhiteElo "1928"]
[BlackElo "1314"]
[PlyCount "65"]
[EventDate "2023.11.19"]
[EventType "team-swiss"]
[EventRounds "7"]
[EventCountry "COL"]
[SourceTitle "CB49_2023"]
[SourceDate "2023.12.06"]
[SourceVersion "1"]
[SourceVersionDate "2023.12.06"]
[SourceQuality "1"]
[WhiteTeam "Valle (W)"]
[BlackTeam "Caldas (W)"]
[WhiteTeamCountry "COL"]
[BlackTeamCountry "COL"]

1. e4 c5 2. Nf3 d6 3. d4 cxd4 4. Nxd4 Nf6 5. Nc3 Nc6 6. Bg5 e6 7. Qd2 a6 8. 0-0-0 h6 9. Be3 Nxd4 10. Bxd4 e5 11. Bxe5 Be6 12. Bxd6 Qa5 13. Bxf8 Kxf8 14. a3 Qc5 15. Qd6+ Qxd6 16. Rxd6 Ke7 17. Rd2 Rhc8 18. f3 Rc5 19. Ne2 Rac8 20. Nd4 Bd7 21. Bd3 Kf8 22. b4 Rc3 23. Kb2 Ne8 24. Nb3 R3c7 25. Nc5 Bc6 26. Rhd1 Re7 27. Bf1 g6 28. Rd8 Rcc7 29. Bc4 Kg7 30. Bd5 Bb5 31. c4 Bc6 32. Bxc6 Rxc6 33. Kb3 1-0

[Event "Manizales Americas op"]
[Site "Manizales"]
[Date "2022.10.17"]
[Round "8"]
[White "Martinez Salgado, Gabriela"]
[Black "Triana Castro, Francisco Javier"]
[Result "1-0"]
[WhiteElo "1213"]
[BlackElo "1638"]
[PlyCount "57"]
[EventDate "2022.10.14"]
[EventType "swiss"]
[EventRounds "8"]
[EventCountry "COL"]
[SourceTitle "CBM 210 Extra"]
[Source "ChessBase"]
[SourceDate "2022.11.30"]
[SourceVersion "1"]
[SourceVersionDate "2022.11.30"]
[SourceQuality "1"]

1. e4 d5 2. exd5 Nf6 3. Nf3 Qxd5 4. Nc3 Qa5 5. Bc4 Bg4 6. b3 e6 7. Bb2 c6 8. h3 Qh5 9. Be2 Nbd7 10. Nd4 Bxe2 11. Qxe2 Bc5 12. Nf3 0-0 13. 0-0-0 Rfd8 14. Rhf1 Be7 15. Kb1 Nf8 16. Rfe1 Qa5 17. Qc4 Ng6 18. d3 Rd7 19. Re2 Rad8 20. Rde1 a6 21. Ne4 Nxe4 22. Rxe4 Bf8 23. Ne5 Nxe5 24. Rxe5 Qc7 25. Qc3 Rd5 26. R5e4 Qb6 27. Rg4 Rd4 28. Rxd4 Rxd4 29. Qxd4 1-0

[Event "COL-ch (Women)"]
[Site "Boyaca"]
[Date "2022.08.18"]
[Round "4"]
[White "Pirachican Gonzalez, Sara"]
[Black "Martinez Salgado, Gabriela"]
[Result "0-1"]
[WhiteElo "1038"]
[BlackElo "1188"]
[PlyCount "62"]
[EventDate "2022.08.17"]
[EventType "swiss"]
[EventRounds "9"]
[EventCountry "COL"]
[SourceTitle "CBM 210 Extra"]
[Source "ChessBase"]
[SourceDate "2022.11.30"]
[SourceVersion "1"]
[SourceVersionDate "2022.11.30"]
[SourceQuality "1"]

1. e4 c5 2. Nf3 d6 3. c4 Nf6 4. Nc3 g6 5. d4 cxd4 6. Nxd4 Bg7 7. Be2 a6 8. 0-0 Nc6 9. Nc2 0-0 10. Be3 Bd7 11. Rc1 Rb8 12. f4 Qc7 13. Na3 e6 14. Qd2 Rfd8 15. c5 dxc5 16. Bxc5 Be8 17. Qc2 Rbc8 18. Bd3 Nd4 19. Bxd4 Rxd4 20. Qe2 Rcd8 21. Nd5 Qd6 22. Nxf6+ Bxf6 23. e5 Qd5 24. exf6 Rxd3 25. Nc4 Bb5 26. b3 Bc6 27. Ne5 Rd2 28. Qf3 Qd4+ 29. Rf2 Bxf3 30. Nxf3 Qxf2+ 31. Kh1 Qxg2# 0-1

[Event "COL Intercollegiate-ch U14 Girls"]
[Site "Paipa"]
[Date "2019.12.11"]
[Round "2"]
[White "Martinez Salgado, Gabriela"]
[Black "Brito Carrascal, Isabela"]
[Result "1-0"]
[WhiteElo "1142"]
[BlackElo "1564"]
[PlyCount "57"]
[EventDate "2019.12.11"]
[EventType "swiss"]
[EventRounds "7"]
[EventCountry "COL"]
[SourceTitle "CBM 193 Extra"]
[Source "ChessBase"]
[SourceDate "2020.01.31"]
[SourceVersion "1"]
[SourceVersionDate "2020.01.31"]
[SourceQuality "1"]

1. e4 c5 2. Nf3 d6 3. d4 cxd4 4. Nxd4 Nf6 5. Bd3 a6 6. c4 e6 7. Nc3 Be7 8. Be3 Nbd7 9. 0-0 0-0 10. Kh1 Qc7 11. f4 b6 12. Qf3 Bb7 13. Rae1 Nc5 14. Bc2 Rac8 15. Bd2 Rfd8 16. b4 Ncd7 17. Qg3 Qxc4 18. Qf2 Ng4 19. Qg1 Bf6 20. Nce2 e5 21. Bb3 Qd3 22. Nf3 exf4 23. Nxf4 Qb5 24. a4 Qc6 25. h3 Nh6 26. Qe3 Ne5 27. Nd5 Nxf3 28. Rxf3 Re8 29. Rxf6 1-0

[Event "COL-ch U14 Girls"]
[Site "Fusagasuga"]
[Date "2019.07.01"]
[Round "9"]
[White "Martinez Salgado, Gabriela"]
[Black "Suarez Ardila, Luisa Maria"]
[Result "0-1"]
[WhiteElo "1249"]
[BlackElo "1581"]
[PlyCount "107"]
[EventDate "2019.06.26"]
[EventType "tourn"]
[EventRounds "9"]
[EventCountry "COL"]
[SourceTitle "CBM 191 Extra"]
[Source "ChessBase"]
[SourceDate "2019.09.30"]
[SourceVersion "1"]
[SourceVersionDate "2019.09.30"]
[SourceQuality "1"]

1. e4 c5 2. Nf3 g6 3. d4 cxd4 4. Nxd4 Bg7 5. Be3 Nc6 6. Nc3 Nf6 7. Be2 0-0 8. f4 d5 9. e5 Ne4 10. Qd3 Nb4 11. Qd1 Nxc3 12. bxc3 Nc6 13. 0-0 a6 14. c4 e6 15. Qd2 Qc7 16. cxd5 exd5 17. c4 dxc4 18. Bxc4 Nxd4 19. Qxd4 Rd8 20. Qb6 Qxb6 21. Bxb6 Re8 22. Bb3 Be6 23. Rfd1 Rac8 24. Ba4 Rf8 25. Rac1 Bxa2 26. Bd7 Rxc1 27. Rxc1 Be6 28. Bxe6 fxe6 29. g3 h6 30. Kf2 Bxe5 31. Ke3 Bf6 32. Rc7 Rf7 33. Rc4 Rd7 34. Ke2 Kf7 35. Ke3 Ke8 36. Rc8+ Kf7 37. Rc4 Be7 38. Ke2 Rd6 39. Ba5 b5 40. Rc7 Ke8 41. Rc8+ Kf7 42. Rc7 Rd4 43. Ra7 e5 44. Bb6 Rd5 45. Ba5 exf4 46. gxf4 Rd6 47. Bc7 Rd7 48. Bb6 Rxa7 49. Bxa7 a5 50. Bd4 b4 51. Kd2 a4 52. Kc2 Ke6 53. h3 Bd6 54. Be3 0-1

[Event "COL-ch U14 Girls"]
[Site "Fusagasuga"]
[Date "2019.06.28"]
[Round "5"]
[White "Martinez Salgado, Gabriela"]
[Black "Mogollon Tobar, Nicolle Juliet"]
[Result "0-1"]
[WhiteElo "1249"]
[BlackElo "1555"]
[PlyCount "110"]
[EventDate "2019.06.26"]
[EventType "tourn"]
[EventRounds "9"]
[EventCountry "COL"]
[SourceTitle "CBM 191 Extra"]
[Source "ChessBase"]
[SourceDate "2019.09.30"]
[SourceVersion "1"]
[SourceVersionDate "2019.09.30"]
[SourceQuality "1"]

1. e4 e6 2. d4 d5 3. exd5 exd5 4. Bd3 Nf6 5. h3 Bd6 6. Nf3 0-0 7. 0-0 Nbd7 8. Re1 b6 9. c3 c5 10. b3 Bb7 11. Nbd2 Qc7 12. Qc2 Rac8 13. Bb2 h6 14. Rac1 Rfe8 15. Re2 Rxe2 16. Bxe2 Ne4 17. Bd3 Ndf6 18. Re1 Nxd2 19. Qxd2 a5 20. Qc2 c4 21. Bf5 Rd8 22. Bc1 Bf8 23. Ne5 Bc8 24. Bf4 Bxf5 25. Qxf5 Qc8 26. Qxc8 Rxc8 27. bxc4 dxc4 28. Rb1 Nd5 29. Bd2 f6 30. Nd7 Rc6 31. Re1 Rd6 32. Nxf8 Kxf8 33. Re2 Kf7 34. f3 b5 35. a3 g5 36. Kf1 h5 37. g4 hxg4 38. fxg4 Re6 39. Rf2 Ke7 40. Kg1 Ne3 41. Kh2 Nd1 42. Rg2 Kd6 43. Kg3 Nxc3 44. Kf3 b4 45. axb4 axb4 46. Bxc3 bxc3 47. Rg1 Kd5 48. Rd1 Re4 49. Rc1 Rxd4 50. Rxc3 Rd3+ 51. Rxd3+ cxd3 52. Ke3 Kc4 53. Ke4 d2 54. Kf5 d1Q 55. Kxf6 Qd8+ 0-1